000 00948nam a22002897a 4500
001 BR9509648
003 BR-BrBNA
005 20230928095128.0
007 ta
008 230509b bl.||||| |||| 00| 0 por d
040 _aBR-BrBNA
_bpor
_cBiblioteca Nacional de Agricultura
041 _a(Por)
072 _aF02
_b0930
090 _ 0930 BR9509648
100 1 _aAntunes, L.E.C.
110 1 _aUniversidade Federal de Lavras, MG (Brasil)
_0Tese (Mestre em Agronima)
245 1 _aInfluencia de diferentes periodos de estratificacao concentracoes de acido indolbutirico e substratos no enraizamento de estacas de figueira (Ficus carica L.)
260 3 _aLavras, MG (Brasil):
_c1995.
300 _a53 p.
500 _a13 graphs; 8 tables; Summaries (Eng, Por); 60 ref.
650 _aFigo
650 _aEstaca
650 _aEnraizamento de Estaca
650 _aAcido Indolbutirico
909 _a202309
_bLucia
_c55
_dLucia Elande
942 _cBK
999 _c54694
_d54694